LEADER 01548nam1-2200373-i-450- 001 990008405340403321 005 20100318102623.0 035 $a000840534 035 $aFED01000840534 035 $a(Aleph)000840534FED01 035 $a000840534 100 $a20061023g19619999km-y0itay50------ba 101 0 $aita 102 $aIT 105 $a--------001yy 200 1 $aEdizione delle opere complete di Roberto Longhi 210 $aFirenze$cSansoni$d1961- 215 $av.$d27 cm 463 \1$1001990005624230403321$12001 $a"Giudizio sul duecento" e ricerche sul Trecento nell'Italia centrale$e1939-1970 463 \1$1001990005631230403321$12001 $aScritti giovanili$e1912-1922 463 \1$1001990005631260403321$12001 $aSaggi e ricerche$e1925-1928 463 \1$1001990005631300403321$12001 $a"Me Pinxit" e quesiti caravaggeschi$a1928-1934 463 \1$1001990005631330403321$12001 $aOfficina ferrarese 1934 seguita dagli ampliamenti 1940-55$eseguita dagli ampliamenti 1940 e dai nuovi ampliamenti 1940-55 463 \1$1001990005631360403321$12001 $aLavori in Valpadana dal Trecento al primo Cinquecento 1934-1964 463 \1$1001990005631400403321$12001 $aArte italiana e arte tedesca con altre congiunture fra Italia e Europa 1939-1969 676 $a701.1$v21$zita 700 1$aLonghi,$bRoberto$f<1890-1970>$036305 801 0$aIT$bUNINA$gRICA$2UNIMARC 901 $aBK 912 $a990008405340403321 959 $aFLFBC 959 $aFARBC 996 $aEdizione delle opere complete di Roberto Longhi$983774 997 $aUNINA LEADER 01629nam0 2200361 i 450 001 PUV0413784 005 20231121125615.0 010 $a8882920925 020 $aIT$b99-10950 100 $a20160623d1998 ||||0itac50 ba 101 | $aita 102 $ait 181 1$6z01$ai $bxxxe 182 1$6z01$an 200 1 $aViaggio al centro della ragione$el'analogia kantiana dagli scritti precritici alla Critica della ragion pura$fBiancamaria D'Ippolito 210 $aNapoli$cLa città del sole$d1998 215 $a244 p.$d21 cm 225 | $a˜Il œpensiero e la storia$fIstituto italiano per gli studi filosofici$v52 300 $aIn cop.: Istituto italiano per gli studi filosofici. 410 0$1001SBL0093999$12001 $a˜Il œpensiero e la storia$fIstituto italiano per gli studi filosofici$v52$171202$aIstituto italiano per gli studi filosofici$3CFIV017732 606 $aKant, Immanuel. Critica della ragion pura$2FIR$3RMLC098915$9I 606 $aKant, Immanuel$xConcezione dlla natura$2FIR$3RMLC412789$9I 676 $a128$9Filosofia. Genere umano.$v21 700 1$aD'Ippolito$b, Bianca Maria$3CFIV065935$4070$062893 790 1$aD'Ippolito$b, Biancamaria$3CFIV176748$zD'Ippolito, Bianca Maria 801 3$aIT$bIT-01$c20160623 850 $aIT-FR0017 899 $aBiblioteca umanistica Giorgio Aprea$bFR0017 $eN 912 $aPUV0413784 950 0$aBiblioteca umanistica Giorgio Aprea$d 52MAG 6/2060$e 52DSS0000029555 VMB RS $fA $h20210421$i20210421 977 $a 52 996 $aViaggio al centro della ragione$93613798 997 $aUNICAS